000 00445nam a22001697a 4500
003 OSt
005 20260126073400.0
008 260126b |||||||| |||| 00| 0 eng d
020 _a978-0-545-15290-7
040 _aDWCL-Main Lib
_cOC
082 _aFic. W339 2009
100 _aWatson, Jude
245 _aThe 39 clues 4 : beyond the grave
260 _aNew York :
_bscholastic Inc.,
_cc2009
300 _a190 p. :
_c20 cm.
942 _2ddc
_cFIC.
_n0
999 _c7818
_d7818